| 000 | 01200cam a2200337 a 4500 | ||
|---|---|---|---|
| 999 |
_c127594 _d127594 |
||
| 001 | 647436 | ||
| 003 | ARRUPE | ||
| 005 | 20180313123217.0 | ||
| 008 | 931206s1990 nr b 001 0 eng d | ||
| 010 | _a 93239408 | ||
| 020 | _a9781296348 | ||
| 035 | _a(OCoLC)27923373 | ||
| 040 |
_aInU _cInU _dDLC |
||
| 042 | _alccopycat | ||
| 043 | _af-nr--- | ||
| 050 | 0 | 0 | _aLB1027.5 |
| 100 | 1 |
_aMakinde, Olu _940488 |
|
| 245 | 1 | 0 |
_aFundamentals of guidance and counselling / _cOlu Makinde |
| 260 |
_aLondon : _bMacMillan Publishers , _c2011. |
||
| 300 |
_aviii, 265 p. ; _c21 cm. |
||
| 650 | 0 |
_aEducational counseling _940489 |
|
| 906 |
_a7 _bcbc _ccopycat _d2 _encip _f19 _gy-gencatlg |
||
| 942 |
_2lcc _cMONOGRAPH |
||